| Tag |
First Indicator |
Second Indicator |
Subfields |
| LEADER |
00000cam a2200000 a 4500 |
| 001 |
in00002467409 |
| 005 |
20151110040815.0 |
| 008 |
080409s2008 enkae b 001 0 eng |
| 015 |
|
|
|a GBA891775
|2 bnb
|
| 016 |
7 |
|
|a 014675062
|2 Uk
|
| 020 |
|
|
|a 9781858944302 (hbk.)
|
| 020 |
|
|
|a 1858944309 (hbk.)
|
| 029 |
1 |
|
|a NZ1
|b 12528588
|
| 029 |
1 |
|
|a AU@
|b 000043333034
|
| 035 |
|
|
|a (OCoLC)ocn221159764
|
| 035 |
|
|
|a (OCoLC)221159764
|
| 040 |
|
|
|a UKM
|c UKM
|d BTCTA
|d BAKER
|d YDXCP
|d BWKUK
|d BWK
|d BWX
|d UtOrBLW
|
| 049 |
|
|
|a TXAM
|
| 050 |
|
4 |
|a NA7117.5
|b .S77 2008
|
| 082 |
0 |
4 |
|a 728.37047
|2 22
|
| 100 |
1 |
|
|a Strongman, Cathy.
|
| 245 |
1 |
4 |
|a The sustainable home :
|b the essential guide to eco building, renovation and decoration /
|c Cathy Strongman.
|
| 264 |
|
1 |
|a London ;
|a New York :
|b Merrell,
|c 2008.
|
| 300 |
|
|
|a 207 pages :
|b color illustrations, plans ;
|c 26 x 26 cm.
|
| 336 |
|
|
|a text
|b txt
|2 rdacontent
|
| 337 |
|
|
|a unmediated
|b n
|2 rdamedia
|
| 338 |
|
|
|a volume
|b nc
|2 rdacarrier
|
| 504 |
|
|
|a Includes bibliographical references (page 203) and index.
|
| 650 |
|
0 |
|a Architecture, Domestic
|x Environmental aspects.
|
| 650 |
|
0 |
|a Sustainable architecture.
|
| 938 |
|
|
|a Baker and Taylor
|b BTCP
|n BK0007727316
|
| 938 |
|
|
|a Baker & Taylor
|b BKTY
|c 34.95
|d 26.21
|i 1858944309
|n 0007727316
|s active
|
| 938 |
|
|
|a YBP Library Services
|b YANK
|n 100499235
|
| 938 |
|
|
|a Blackwell Book Service UK
|b BBUK
|n L4800079
|c 19.95
|
| 938 |
|
|
|a Blackwell Book Service
|b BBUS
|n R5742384
|c $34.95
|
| 945 |
|
|
|a PromptCat
|b 581557
|
| 946 |
|
|
|a stk
|
| 947 |
|
|
|a A14837415233
|
| 994 |
|
|
|a 92
|b TXA
|
| 948 |
|
|
|a cataloged
|b h
|d 2009/1/5
|h c
|e asalazar
|f 3:25:21 pm
|
| 999 |
|
|
|a MARS
|
| 999 |
f |
f |
|s b39b3a24-42b2-3536-86f1-c00e3728ac78
|i dbb56380-20ed-3939-9977-fd91342b0d1a
|t 0
|
| 952 |
f |
f |
|p normal
|a Texas A&M University
|b College Station
|c Sterling C. Evans Library
|d Evans: Library Stacks
|t 0
|e NA7117.5 .S77 2008
|h Library of Congress classification
|i unmediated -- volume
|m A14837415233
|
| 998 |
f |
f |
|a NA7117.5 .S77 2008
|t 0
|l Evans: Library Stacks
|